| 000 | 00386nam a2200169Ia 4500 | ||
|---|---|---|---|
| 008 | 210210b1960 xxu||||| |||| 00| 0 eng d | ||
| 041 | _aeng | ||
| 082 | _a370/54 | ||
| 100 | _aMENON (K N) Ed | ||
| 245 | _aSymposium: general education | ||
| 260 |
_aBaroda _b- _c1960 |
||
| 650 | _aSymposium: | ||
| 650 | _ageneral | ||
| 650 | _aeducation | ||
| 690 | _aEducation | ||
| 906 | _a004994 | ||
| 999 |
_c128677 _d128677 |
||